000 00545nab#a2200193#c#4500
999 _c122032
_d122032
003 IEF
005 20191210184600.0
008 950704s1975 uuu|| #####0 b| |u
040 _aIEF
_cES-MaIEF
100 1 _aMarrón Gómez, Ángel
_927950
245 _aLa distribución geográfica del gasto público
_c Ángel Marrón Gómez
260 _c1975
650 4 _aSERVICIOS PUBLICOS
_948391
650 4 _aGASTO PUBLICO
_944787
773 0 _tHacienda pública española
_w34570
_g37, p. 87-106
942 _2udc
942 _2udc